000
00309nam a2200121 a 4500
005
20140414131918.0
008
101021s19uu xx 00 eng d
050
_a
ER
_b
M74 2003
100
_a
Maccarone, Grace
245
_a
Monster math picnic.
260
_a
New York :
_b
Scholastic ,
_c
2003.
999
_c
111632
_d
111632